| 000 | 00000nam 2200000zi 4500 |
| 001 | 9.945769 |
| 003 | CaOODSP |
| 005 | 20241206123834 |
| 006 | m o d f |
| 007 | cr mn||||||||| |
| 008 | 241129e202411##onc ob f000 0 fre d |
| 040 | |aCaOODSP|bfre|erda|cCaOODSP |
| 043 | |an-cn--- |
| 086 | 1 |aXC61-1/1-441-15F-PDF |
| 110 | 1 |aCanada. |bParlement. |bChambre des communes. |bComité permanent du patrimoine canadien, |eauteur, |eorganisme de publication. |
| 245 | 13|aLa tenue d'états généraux sur les médias : |brapport du Comité permanent du patrimoine canadien / |cla présidente, l'hon. Hedy Fry. |
| 264 | 1|a[Ottawa] : |bChambre des communes, Canada = House of Commons, Canada, |cnovembre 2024. |
| 300 | |a1 ressource en ligne (viii, 40 pages). |
| 336 | |atexte|btxt|2rdacontent/fre |
| 337 | |ainformatique|bc|2rdamedia/fre |
| 338 | |aressource en ligne|bcr|2rdacarrier/fre |
| 490 | 1 |aRapport du Comité permanent du patrimoine canadien ; |v15e rapport, 44e législature, 1re session |
| 500 | |aPublié aussi en anglais sous le titre : The holding of a national forum on the media : report of the Standing Committee on Canadian Heritage. |
| 500 | |a« 44e législature, 1re session. » |
| 500 | |a« Quinzième rapport » -- Page v. |
| 500 | |aLe fichier de publication en format PDF a été remplacé le 6 décembre 2024 à la requête de Chambre des communes Canada. |
| 504 | |aComprend des références bibliographiques. |
| 520 | |a« Le 5 décembre 2023, le Comité permanent du patrimoine canadien de la Chambre des communes (le Comité) a adopté la motion qui suit : Considérant que 1. Une crise secoue les médias de l’information en raison, notamment, de la domination des entreprises numériques étrangères; 2. Des centaines de postes dans les salles de nouvelles à travers le Canada ont été coupés depuis le début de l’année, et que des centaines d’autres risquent de l’être dans un avenir proche; 3. Des radiodiffuseurs canadiens, des associations de journalistes, des syndicats du secteur de l’information et plusieurs experts sont d’avis que des mesures urgentes doivent être mises en place pour permettre une couverture journalistique adéquate et diversifiée dans toutes les régions du Québec et du Canada » -- Le contexte de l'étude, page 3. |
| 650 | 6|aPresse|zCanada. |
| 650 | 6|aMeĢdias|xDroit|zCanada. |
| 650 | 6|aCommunication internationale. |
| 650 | 6|aLiberté de la presse|zCanada. |
| 650 | 6|aÉtat et presse|zCanada. |
| 700 | 1 |aFry, Hedy. |
| 775 | 08|tThe holding of a national forum on the media : |w(CaOODSP)9.945767 |
| 830 | #0|aRapport du Comité permanent du patrimoine canadien ;|v15e rapport, 44e législature, 1re session.|w(CaOODSP)9.503603 |
| 856 | 40|qPDF|s2.69 Mo|uhttps://publications.gc.ca/collections/collection_2024/parl/xc61-1/XC61-1-1-441-15-fra.pdf |
| 856 | 4 |qHTML|sS.O.|uhttps://www.noscommunes.ca/documentviewer/fr/44-1/CHPC/rapport-15 |